000 01109nam a2200325 4500
003 OSt
005 20260530115259.0
008 260504b2000 sp ||||| |||| 00| 0 spa d
020 _a9788433913289
020 _a843391328X
040 _aICI
_bspa
_cICI
041 _aspa
_hfre
050 _aGT596
_bL5618 2004
100 1 _aLipovetsky, Gilles,
_eautor
_931011
240 1 2 _aL'empire de l' éphémère.
_lEspañol
245 1 3 _aEl imperio de lo efímero / La moda y su destino en las sociedades modernas
264 1 _aBarcelona :
_bEditorial Anagrama
_c2004
300 _a324 páginas
336 _atexto
_2rdacontent
337 _asin medio
_2rdamedia
338 _avolumen
_2rdacarrier
490 0 _aColección compactos ;
500 _aTraducción de: Empire de l'éphèmére : la mode et son destin dans les sociétés modernes
650 4 _a|a Prendas de vestir
_xHistoria
_zSiglo XX
_931012
650 4 _2Moda
_xHistoria
_ySiglo XX
_931013
700 1 _a|a Hernández, Felipe,
_etraductor
_931014
700 1 _a López, Carmen,
_etraductor
_931015
700 1 _d1994
_931016
942 _2lcc
_cBK
_n1
999 _c12776
_d12776